| 000 | 01200nam a2200229Ia 4500 | ||
|---|---|---|---|
| 001 | A940-35628 | ||
| 003 | IT-CnALBA | ||
| 008 | 170116s9999||||xx |||||||||||||| ||und|| | ||
| 040 |
_aIT-CnALBA _cIT-CnALBA |
||
| 041 | _aFRANCESE | ||
| 100 | _aTACITO P. CORNELIO | ||
| 245 | 0 | _aTACITE AVEC NOTES POLITIQUES. LES SEX PRIMIERES LIVRES DE SES ANNALES. PRIMA PARTE. | |
| 250 | _a1a ed. | ||
| 260 |
_bMARTIN E. & BUDOT J. CHEZ VEUVE.., PARI' _c1690 [1° Ed.:1690] |
||
| 300 | _a503 p. | ||
| 500 | _aPRIMI VI LIBRI DEGLI ANNALI. NOTE POLITICHE. LETTERA DEDICATORIA. PREMESSE. CRITICA DI AUTORI MODERNI. CAVRIAGA F. SCIPIONE A. PAGLIANI G. PUCCI B. DALLA TORRE R. ALTRI ITALIANI ED ESTERI. DISCORSO CRITICO. DISCORSO CRITICO. INDICE ANALITICO. | ||
| 501 | _aSocietà San Paolo EM - Piazza San Paolo, 14 - 12051 ALBA (CN) (non commercial uses only) ® Copyright 2017 | ||
| 520 | _aPRIMI VI LIBRI DEGLI ANNALI. NOTE POLITICHE. LETTERA DEDICATORIA. PREMESSE. CRITICA DI AUTORI MODERNI. CAVRIAGA F. SCIPIONE A. PAGLIANI G. PUCCI B. DALLA TORRE R. ALTRI ITALIANI ED ESTERI. DISCORSO CRITICO. DISCORSO CRITICO. INDICE ANALITICO. | ||
| 650 | _aSTORIA ANTICA | ||
| 942 | _cBK | ||
| 957 | _71 | ||
| 999 |
_a40392 _bSI _g Copie: 1 _c294455 _d294455 |
||